[Event "Montreal Mercredi 05"]
[Site "Montreal"]
[Date "2012.05.16"]
[Round "1"]
[White "Millette, Sylvain"]
[Black "Casquero, Herberth"]
[Result "1/2-1/2"]
[WhiteElo "1665"]
[BlackElo "1545"]
[PlyCount "120"]
[EventDate "2012.05.16"]
[EventType "swiss"]
[EventRounds "5"]
[EventCountry "CAN"]
[SourceTitle "EXT 2022"]
[Source "ChessBase"]
[SourceDate "2021.10.06"]
[SourceVersion "1"]
[SourceVersionDate "2021.10.06"]
[SourceQuality "1"]

1. Nf3 d5 2. g3 c5 3. Bg2 Nc6 4. d4 e6 5. 0-0 Nf6 6. c4 Be7 7. cxd5 exd5 8. dxc5 0-0 9. Nd4 Bxc5 10. Nxc6 bxc6 11. Qc2 Qb6 12. Nc3 Bd4 13. Na4 Qb5 14. e3 Be5 15. Bd2 Rb8 16. Rab1 g6 17. Nc3 Bf5 18. e4 Bxc3 19. exf5 Bxd2 20. Qxd2 Ne4 21. Bxe4 dxe4 22. Qf4 Qxf5 23. Qxf5 gxf5 24. Rfc1 Rb6 25. Rc5 Rfb8 26. b3 Ra6 27. Rb2 Rb5 28. Rxb5 cxb5 29. Rc2 Kg7 30. Kf1 Kf6 31. Ke2 Ke6 32. Ke3 Rd6 33. Rc5 Rd3+ 34. Ke2 Rd5 35. Rc6+ Rd6 36. Rc3 b4 37. Rc4 a5 38. Rc5 Rd5 39. Rc6+ Ke5 40. f4+ exf3+ 41. Kxf3 Rd3+ 42. Ke2 Rc3 43. Rxc3 bxc3 44. Kd3 f4 45. gxf4+ Kxf4 46. a3 f5 47. b4 axb4 48. axb4 c2 49. Kxc2 Ke4 50. Kd2 Kd4 51. b5 Kc5 52. Ke3 Kxb5 53. Kf4 Kc6 54. Kxf5 Kd6 55. Kf6 Kd7 56. Kf7 Kd8 57. h4 h5 58. Kg6 Ke7 59. Kxh5 Kf7 60. Kh6 Kg8 1/2-1/2

[Event "Montreal Mercredi 10"]
[Site "Montreal"]
[Date "2007.10.24"]
[Round "3"]
[White "Casquero, Herberth"]
[Black "Bergeron, Rene"]
[Result "1/2-1/2"]
[WhiteElo "1522"]
[BlackElo "1472"]
[PlyCount "79"]
[EventDate "2007.10.10"]
[EventType "swiss"]
[EventRounds "5"]
[EventCountry "CAN"]
[SourceTitle "EXT 2022"]
[Source "ChessBase"]
[SourceDate "2021.10.06"]
[SourceVersion "1"]
[SourceVersionDate "2021.10.06"]
[SourceQuality "1"]

1. e4 e5 2. Nf3 Nf6 3. Bc4 Nc6 4. Ng5 d5 5. exd5 Nxd5 6. Qf3 Qxg5 7. Bxd5 Qf6 8. Bxc6+ Qxc6 9. Qxc6+ bxc6 10. d3 Be6 11. 0-0 Bd6 12. f4 Bc5+ 13. Kh1 exf4 14. Bxf4 Bd6 15. Nc3 0-0-0 16. Rae1 h6 17. Ne4 g5 18. Bxd6 cxd6 19. d4 Kc7 20. b3 a5 21. Kg1 Rb8 22. Nc3 Rhf8 23. Rf6 h5 24. Ne4 Rg8 25. c4 g4 26. c5 d5 27. Nd6 Rg7 28. Nxf7 Rxf7 29. Rexe6 Rxf6 30. Rxf6 Rb4 31. Rf4 a4 32. bxa4 Rxa4 33. Kf2 Rxa2+ 34. Kg3 Rd2 35. h3 gxh3 36. gxh3 Kb7 37. Rh4 Rd3+ 38. Kf2 Ka6 39. Ke2 Rg3 40. Rxh5 1/2-1/2